The economics of public procurement (Record no. 2951)
[ view plain ]
| 000 -LEADER | |
|---|---|
| fixed length control field | 01435nhm a2200157 a 4500 |
| 020 ## - INTERNATIONAL STANDARD BOOK NUMBER | |
| ISBN | 9780230520868 |
| 020 ## - INTERNATIONAL STANDARD BOOK NUMBER | |
| ISBN | 0230520863 |
| 050 ## - CALL NUMBER | |
| Classification number | HD3861 |
| Item number | .E36 |
| 100 ## - AUTHOR | |
| Personal name | Gustavo Piga |
| 245 ## - TITLE | |
| Title | The economics of public procurement |
| Statement of responsibility, etc | Gustavo Piga; Khi V Thai |
| 260 ## - PUBLICATION INFORMATION | |
| Place of publication | Basingstoke : |
| Name of publisher | Palgrave Macmillan, |
| Year of publication | 2007. |
| 300 ## - DESCRIPTION | |
| Number of Pages | vi, 267 pages : |
| Other physical details | illustrations ; |
| Dimensions | 24 cm. |
| 440 ## - SERIES | |
| SERIES | Central issues in contemporary economic theory and policy. |
| 505 ## - FORMATTED CONTENTS NOTE | |
| Table of Content | The economics of public procurement / Gustavo Piga, Khi V. Thai --<br/>Public procurement under limited liability / Andreas R. Engel, Achim Wambach --<br/>Bid average methods in procurement / Gian Luigi Albano, Milo Bianchi, Giancarlo Spagnolo --<br/>Combinatorial procurement auctions : a collusion remedy? / Anders Lunander, Jan-Eric Nissson --<br/>Auction formats and award rules in Swedish procurement auctions / Sofia Lundberg --<br/>On the economics of subcontracting / Achim Wambach, Gero von Grawert-May --<br/>Efficiency of procurement procedures for medical devices / Calogero Guccio, Giacomo Pignataro, Ilde Rizzo --<br/>Reputation-based governance of public works / Lucio Picci --<br/>Why do transparent public procurement and corruption go hand in hand? / Raffaella Coppier, Gustavo Piga --<br/>Environmental issues in public procurement : how much decentralization? / Alessio D'Amato --<br/>Optimal information releasing in multidimensional public procurement / Nicola Doni. |
| 942 ## - ADDED ENTRY ELEMENTS (KOHA) | |
| Koha item type | Books |
| Withdrawn status | Lost status | Collection code | Home library | Current library | Shelving location | Date acquired | Full call number | Accession Number | Copy number | Koha item type |
|---|---|---|---|---|---|---|---|---|---|---|
| Reference | Methodist University Library Main | Methodist University Library Main | General Stacks | HD3861 .E36 | 34832 | 1 | Books |